000 00482nam a22001817a 4500
003 CEME
005 20210628203242.0
008 210127b xxu||||| |||| 00| 0 eng d
020 _a81-7808-826-6
040 _c.
082 _a621.384 REE
100 _aReed, Jeffrey H
_964293
245 _aSoftware radio;a modern approach to radio engineering
260 _aINDIA
_bPEARSON EDUCATION ASIA
_c2002
300 _aXX,567P
650 _aRADIO ENGINEERING
_964294
942 _cBK
_2ddc
999 _c572834
_d572834